|
|
|
|
| LEADER |
00000nam0a2200000 4500 |
| 001 |
306709 |
| 005 |
20231102001924.0 |
| 020 |
|
|
|a RU
|b 83-69451
|
| 035 |
|
|
|a (RuTPU)RU\TPU\book\331986
|
| 090 |
|
|
|a 306709
|
| 100 |
|
|
|a 20151009d1983 km y0rusy5003 ca
|
| 101 |
0 |
|
|a rus
|
| 102 |
|
|
|a EE
|
| 105 |
|
|
|a a z 001zy
|
| 200 |
1 |
|
|a Исследования по строительству. Строительная теплофизика. Долговечность конструкций
|e сборник статей
|f Научно-исследовательский институт строительства ; под ред. У. И. Крейса
|
| 210 |
|
|
|a Таллин
|c Валгус
|d 1983
|
| 215 |
|
|
|a 123 с.
|c ил.
|
| 320 |
|
|
|a Библиогр. в конце ст.
|
| 606 |
1 |
|
|a Строительство
|2 stltpush
|3 (RuTPU)RU\TPU\subj\57832
|9 75681
|
| 610 |
1 |
|
|a строительное дело
|
| 610 |
1 |
|
|a строительная теплофизика
|
| 610 |
1 |
|
|a строительные конструкции
|
| 610 |
1 |
|
|a долговечность
|
| 610 |
1 |
|
|a добавки
|
| 610 |
1 |
|
|a автоклавные бетоны
|
| 610 |
1 |
|
|a физические свойства
|
| 610 |
1 |
|
|a химические свойства
|
| 610 |
1 |
|
|a фасадные краски
|
| 610 |
1 |
|
|a воздухообмен
|
| 610 |
1 |
|
|a ограждающие конструкции
|
| 675 |
|
|
|a 69
|z rus
|v 3
|
| 702 |
|
1 |
|a Крейс
|b У. И.
|g Ууно Иоханесович
|4 340
|
| 712 |
0 |
2 |
|a Научно-исследовательский институт строительства
|2 stltpush
|3 (RuTPU)RU\TPU\col\11255
|9 24996
|
| 801 |
|
0 |
|a RU
|b RuMRKP
|c 19950704
|g psbo
|
| 801 |
|
1 |
|a RU
|b 63413507
|c 20151009
|
| 801 |
|
2 |
|a RU
|b 63413507
|c 20190607
|g RCR
|
| 942 |
|
|
|c BK
|